Ιστορία Δ' δημοτικού : στα αρχαία χρόνια ; τετράδιο εργασιών

Αποθηκεύτηκε σε:
Λεπτομέρειες βιβλιογραφικής εγγραφής
Συγγραφή απο Οργανισμό/Αρχή: Παιδαγωγικό Ινστιτούτο
Άλλοι συγγραφείς: Κατσουλάκος, Θεόδωρος
Μορφή: Βιβλίο
Γλώσσα:Greek
Δημοσίευση: Αθήνα : Οργανισμός Εκδόσεως Διδακτικών Βιβλίων, [2006].
Θέματα:
Ετικέτες: Προσθήκη ετικέτας
Δεν υπάρχουν, Καταχωρήστε ετικέτα πρώτοι!

MARC

LEADER 00000cam a2200000 i 4500
001 1/35756
008 061019s2006 gr | ||| |||| ||gre||
020 |a 9600618194 
035 |l 10085639 
040 |a GR-MY-UA  |b gre  |e aacr 
041 0 |a gre 
082 7 |a 372.89495   |2 (22) 
245 0 0 |a Ιστορία Δ' δημοτικού :   |b στα αρχαία χρόνια ; τετράδιο εργασιών /   |c Θεόδωρος Κατσουλάκος...[κ.ά.] ; Υπουργείο Εθνικής Παιδείας και Θρησκευμάτων. Παιδαγωγικό Ινστιτούτο.  
260 |a Αθήνα :   |b Οργανισμός Εκδόσεως Διδακτικών Βιβλίων,   |c [2006].  
300 |a 54 σ. ;   |c 28 εκ.  
650 0 0 |a History  |x Study and teaching (Elementary)  |z Greece. 
700 1 |a Κατσουλάκος, Θεόδωρος. 
710 2 |a Παιδαγωγικό Ινστιτούτο. 
852 |a INST  |b RHODES  |e 20061019  |h 372.89495 ΙΣΤ  |p 005400024063  |q 005400024063  |t BK  |y 0 
852 |a INST  |b RHODES  |e 20061019  |h 372.89495 ΙΣΤ  |p 005400024064  |q 005400024064  |t BK  |y 0 
852 |a INST  |b RHODES  |e 20080206  |h 372.89495 ΙΣΤ  |p 005400030059  |q 005400030059  |t BK  |y 0 
852 |a INST  |b RHODES  |e 20080206  |h 372.89495 ΙΣΤ  |p 005400030060  |q 005400030060  |t BK  |y 0 
852 |a INST  |b RHODES  |e 20080206  |h 372.89495 ΙΣΤ  |p 005400030061  |q 005400030061  |t BK  |y 0 
901 |a BIBL4-2006-3 
970 |a ΚΟΖΑ  |b ΜΑΡΙΑ  |z 2006/10/19